Tot esperant Godot / (Record no. 31833)

MARC details
000 -LEADER
campo de control de longitud fija 00689nam a2200205 i 4500
001 - NÚMERO DE CONTROL
campo de control 31833
003 - IDENTIFICADOR DE NÚMERO DE CONTROL
campo de control ES-MaACL
005 - FECHA Y HORA DE LA ÚLTIMA TRANSACCIÓN
campo de control 20250526063006.0
007 - CAMPO FIJO DE DESCRIPCIÓN FÍSICA--INFORMACIÓN GENERAL
campo de control de longitud fija t|
008 - DATOS DE LONGITUD FIJA--INFORMACIÓN GENERAL
campo de control de longitud fija 030130s1960 sp ||||1| cat d
100 1# - ENTRADA PRINCIPAL--NOMBRE DE PERSONA
Nombre de persona Beckett, Samuel,
Fechas asociadas al nombre 1906-1989
9 (RLIN) 240713
245 10 - MENCIÓN DEL TÍTULO
Título Tot esperant Godot /
Mención de responsabilidad, etc. Samuel Beckett ; traducció de Joan Oliver ; proleg de Joaquim Molas.
260 ## - PUBLICACIÓN, DISTRIBUCIÓN, ETC.
Lugar de publicación, distribución, etc. Palma de Mallorca :
Nombre del editor, distribuidor, etc. Moll,
Fecha de publicación, distribución, etc. [1960]
300 ## - DESCRIPCIÓN FÍSICA
Extensión 157 p. ;
Dimensiones 15 cm.
500 ## - NOTA GENERAL
Nota general Premi Mundial de Teatre de la critica anglesa 1955.
700 1# - ENTRADA AGREGADA--NOMBRE PERSONAL
Nombre de persona Oliver, Joan,
Fechas asociadas al nombre 1899-1986
9 (RLIN) 86815
700 1# - ENTRADA AGREGADA--NOMBRE PERSONAL
Nombre de persona Molas, Joaquim,
Fechas asociadas al nombre 1930-2015
9 (RLIN) 81845
852 ## - LOCALIZACIÓN
Ubicación ES-MaACL
Número de control de estantería C-17371
Sublocalización o colección R.45644
Holdings
Estatus retirado Estado de pérdida Estado de daño No para préstamo Biblioteca de origen Biblioteca actual Ubicación en estantería Fecha de adquisición Fuente de adquisición Total de préstamos Signatura topográfica completa Código de barras Visto por última vez Precio de reemplazo Tipo de ítem Koha
        Biblioteca del Ateneo de Madrid Biblioteca del Ateneo de Madrid Galería 17/01/2008     C-17371 1032914 23/02/2023 23/02/2023 Libro impreso